000 00602nam a22002297a 4500
999 _c6896
_d6896
001 6896
003 BD-JhCC
005 20180303173942.0
008 180131b xxu||||| |||| 00| 0 eng d
035 _a(BD-JhCC)6896
040 _aBD-JhCC
_dBD-JhCC
041 _aeng
082 _a821.7
_bCLA 1966
245 _aClare Selected Poems and Prose /
_cGeoffrey summerfield, Eric Robinson
260 _aLondon :
_bOxford University Press,
_c1966.
300 _a274 p. :
_c20 cm.
650 _aPorse
700 _asummerfield, Geoffrey
700 _aRobinson, Eric
942 _2ddc
_cBK